000 00840nam a22002897a 4500
001 30808
003 UA-OsUOA
005 20251001110800.0
007 ta
008 20041115b un ||||| |||| 00| 0 ukr d
020 _a5-8297-0203-7
040 _aUA-OsUOA
_brus
_cUA-OsUOA
_dUA-OsUOA
041 _arus
044 _aRU
080 _a022:[725.01+747](075.8)
090 _a022:[725.01+747](075.8)
_bБ20
100 _aБалашов Е. В.
_922681
245 _aБиблиотечный дизайн
_bучебное пособие
260 _aМосква
_bГардарики
_c2004
300 _a288 с.
650 7 _2UDC
700 _aТищенко М. Н.
_922682
700 _aВанеев А. Н.
_922683
942 _cBK
_2udc
955 _a0
999 _c317223
_d317223